000 00397nam a22001697a 4500
005 20240903103534.0
008 240903b |||||||| |||| 00| 0 eng d
082 _a330
100 _aSAM-E
245 _aEconomics/
_cSamuelson, Paul.A
250 _a15th ed.
300 _a789 p.;
_c24 cm.
500 _aIncludes index
650 _aEconomics
700 _aWilliam D. Nordhaus
999 _c36524
_d36524